000
00256nam a2200097Ia 4500
008
230915s9999 xx 000 0 und d
050
_a
HE 571 . B73 1993
100
_a
ALAN E. BRANCH
245
0
_a
MARITIME ECONOMICS : MANAGEMENT AND MARKETING
942
_c
BK
999
_c
78625
_d
78625